000
00289nam a22001337a 4500
008
210311b ||||| |||| 00| 0 eng d
041
_a
eng
080
_a
030
082
_a
030
100
_a
23
101
_a
ENC
245
_a
Home Medical Encyclopedia
_c
Clayaman,Ch,B
942
_2
udc
_c
BK
999
_c
56305
_d
56305